[Event "EU-ch 13th"]
[Site "Plovdiv"]
[Date "2012.03.22"]
[Round "3"]
[White "Simacek, Pavel"]
[Black "Akopian, Vladimir Eduardovic"]
[Result "0-1"]
[WhiteElo "2447"]
[BlackElo "2684"]
[Annotator "Kritz,L"]
[PlyCount "88"]
[EventDate "2012.03.20"]
[EventType "swiss"]
[EventRounds "11"]
[EventCountry "BUL"]
[SourceTitle "CBM 148"]
[Source "ChessBase"]
[SourceDate "2012.05.16"]
[SourceVersion "1"]
[SourceVersionDate "2012.05.16"]
[SourceQuality "1"]

1. e4 c5 2. Nf3 e6 3. d4 cxd4 4. Nxd4 a6 5. Bd3 Nf6 6. O-O Qc7 7. Qe2 d6 8. c4
g6 9. Nc3 Bg7 10. Be3 $2 {Das ist ein schlechter Aufbau gegen diese spezielle
Igel-Version.} (10. Nf3 $1 {Die Idee von Weiß ist es, den Läufer nach f4 zu
entwickeln, um den Bauern d6 anzugreifen.} O-O 11. Bf4 Nc6 ({Die Idee} 11...
Nh5 12. Bg5 Bxc3 {sieht unnatürlich aus.} 13. bxc3 e5 14. Nh4 Nc6 15. g3 $5 Bh3
16. Rfd1 Ng7 17. f4 Bd7 18. f5 $14 {Shirov - Ivanchuk (Motril, 2008). Die
schwarze Stellung mit dem Springer auf g7 ist nicht sehr angenehm.}) (11... Ng4
12. h3 Ne5 13. Nxe5 dxe5 14. Be3 Nc6 15. Na4 {Weiß hat doch die besseren
Aussichten, weil er zu schnell seine Initiative am Damenflügel entfalten kann.}
Nd4 16. Bxd4 exd4 17. c5 Bd7 18. Nb6 Rae8 19. b4 f5 20. e5 $1 $14 {Svetushkin
- Nikolov (Plovdiv, 2008)}) 12. Rac1 e5 ({Einfach nicht ausreichend ist} 12...
Nd7 {Weiß bekommt eine günstige Igelstellung auf verschiedenen Wegen.} 13. Qe3
(13. Rfd1 Nde5 14. Bb1 Nxf3+ 15. Qxf3 Ne5 16. Qg3 b6 17. b3 Bb7 18. Be3 Rab8
19. Bd4 $14 {Shirov - D'Costa (Kallithea, 2008)}) 13... Nce5 14. Nxe5 Nxe5 15.
Be2 b6 16. Rfd1 $14 {Ponomariov - Svidler (Sofia, 2006)}) 13. Bg5 (13. Be3 Bg4
14. h3 Nd4 15. Bxd4 Bxf3 16. Qxf3 exd4 17. Nd5 Nxd5 18. cxd5 Qa5 $11 {
Pavasovic - Horvath (Graz, 2008)}) (13. Bd2 {Sieht unlogisch aus - die d-Linie
muss Weiß bestimmt nicht versperren, doch die Idee von Weiß ist es, das Feld
e3 für seine Dame zu lassen.} Bg4 14. Qe3 Rae8 15. h3 Bxf3 16. Qxf3 Nd7 17. Qd1
f5 $2 (17... Nc5 18. Nd5 Qb8 19. b4 Ne6 $132) 18. Nd5 Qd8 19. b4 $14 {
Mastrovasilis - Nikolov (Kavala, 2007)}) 13... h6 14. Bd2 $1 Bg4 15. Qe3 Bxf3
16. Qxf3 Nd4 17. Qd1 $14 {Leko - Akopian (Jermuk, 2009)}) 10... O-O 11. Rfd1 b6
12. Rac1 Bb7 13. f3 Nbd7 14. Qf2 Rac8 15. Bf1 Rfd8 {Beide Seiten haben sich
klassisch aufgestellt, nur mit dem Unterschied, dass der schwarze Läufer auf
g7 und nicht auf e7 steht.} 16. b4 $5 {Ein sehr direkter Versuch. Das ist
jedoch der Hauptplan, den Weiß spielen kann.} (16. b3 Qb8 17. Nde2 Ba8 18. Na4
Nc5 19. Nec3 Bc6 20. Nxc5 bxc5 21. e5 dxe5 22. Rxd8+ Rxd8 23. Bxc5 e4 $132 {
Stubberud - Kanovsky (Prague, 2011)}) 16... Qb8 17. Nb3 Ba8 18. Na4 Rc6 (18...
b5 19. Ba7 Qb7 20. Na5 Qc7 21. cxb5 Qxc1 22. Rxc1 Rxc1 23. b6 $18) 19. Nd4 Rc7
20. Nb3 {Es ist klar, was Weiß will...} b5 $1 {Wenn man so frech auf Remis
spielt, dann muss der Gegner ausweichen, und das macht Akopian sehr gut.} 21.
Nb6 {Der Unterschied ist, dass das Feld a7 unter Kontrolle ist, so kann Weiß
nicht Ba7 spielen.} (21. cxb5 axb5 22. Nb6 (22. Nc3 Rxc3 23. Rxc3 Nxe4 $19)
22... Rxc1 23. Rxc1 d5 24. Nxa8 (24. Bxb5 dxe4 25. Bxd7 Nxd7 26. Nxa8 Qxa8 27.
fxe4 Qxe4 $132) 24... Qxa8 25. e5 Nxe5 26. Bxb5 Nc4 $1 $132) 21... bxc4 (21...
Nxb6 $4 22. Bxb6 $18) 22. Rxc4 {In allen Varianten hat Schwarz genug
Gegenspiel.} (22. Nxa8 Qxa8 23. Bxc4 d5 24. exd5 Nxd5 25. Bxd5 Rxc1 26. Nxc1
exd5 $132) (22. Bxc4 d5 23. exd5 Nxd5 24. Nxd7 Rcxd7 25. Nc5 Rd6 $132) 22...
Rxc4 23. Bxc4 (23. Nxc4 d5 24. exd5 Nxd5 $15) 23... Ne5 {Man könnte auch auf
b6 nehmen, was vielleicht zum Vorteil führen würde.} (23... Nxb6 24. Bxb6 Rc8
25. Bxa6 Rc6 26. b5 (26. Ba7 Qxb4 $15) 26... Rxb6 27. Rc1 Rb7 28. Bxb7 Qxb7 (
28... Bxb7 29. Qb6 Nd7 30. Qc7 Qa7+ $13) 29. b6 Qb8 30. Rc7 Ne8 31. Ra7 d5 $132
) 24. Be2 {Man konnte den Bauer ruhig nehmen.} (24. Bxa6 $5 Bxe4 $1 25. h3 (25.
fxe4 $2 Nfg4 26. Qe2 Nxe3 27. Qxe3 Ng4 $19) 25... Bb7 26. Bxb7 Qxb7 27. a4 $14
{Weiß steht etwas besser, weil seine Bauern nach vorne laufen.}) 24... d5 {
Jetzt übernimmt Schwarz endgültig die Initiative.} 25. Nxa8 Qxa8 26. exd5 Nxd5
27. Bc5 Nd7 $1 {Es droht Nc3 und Nxc5.} (27... Nc3 28. Rxd8+ Qxd8 29. Bxa6 $16)
28. a3 (28. Bd4 e5 29. Be3 Nxb4 $15) 28... Nc3 $1 {Und es stellt sich heraus,
dass Weiß schon verloren steht!} 29. Rd3 (29. Re1 Qd5 $1 {Das ist der Zug der
die Partie entscheidet.} 30. Nc1 Nxc5 31. bxc5 Bd4 $19) (29. Rd2 Nxc5 30. Rxd8+
Qxd8 31. bxc5 Qd5 $1 $19 {Wieder die gleiche Idee - ...Qd5.}) 29... Nxc5 30.
Nxc5 Bd4 $1 {Ein kleiner taktischer Trick und die Partie ist vorbei.} 31. Rxd4
Nxe2+ 32. Qxe2 Rxd4 $19 33. Nxe6 (33. Nxa6 Qd8 $19) (33. Qxa6 Qxa6 34. Nxa6
Rd1+ 35. Kf2 Ra1 $19) 33... Rd6 34. Nc5 Qd8 {Der Rest ist Sache der Technik.}
35. Qe4 Rd4 36. Nb7 Rd1+ 37. Kf2 Qg5 38. h4 Qf6 39. Nc5 Kg7 40. Nd3 Ra1 41. h5
Rxa3 42. Ne5 gxh5 43. Nd7 Ra2+ 44. Kg1 Qb2 0-1

[Event "WchT 6th"]
[Site "Beersheba"]
[Date "2005.11.08"]
[Round "7.4"]
[White "Karjakin, Sergey"]
[Black "Arencibia Rodriguez, Walter"]
[Result "1/2-1/2"]
[WhiteElo "2658"]
[BlackElo "2510"]
[Annotator "Kritz,L"]
[PlyCount "97"]
[EventDate "2005.11.01"]
[EventType "team-tourn"]
[EventRounds "9"]
[EventCountry "ISR"]
[SourceTitle "CBM 110"]
[Source "ChessBase"]
[SourceDate "2006.01.31"]
[SourceVersion "1"]
[SourceVersionDate "2006.01.31"]
[SourceQuality "1"]
[WhiteTeam "Ukraine"]
[BlackTeam "Cuba"]
[WhiteTeamCountry "UKR"]
[BlackTeamCountry "CUB"]

1. e4 c5 2. Nf3 e6 3. d4 cxd4 4. Nxd4 a6 {Das ist eine der ganz populären
Varianten, so spielen heutzutage viele Spitzenspieler.} 5. Bd3 Bc5 6. Nb3 Ba7 (
6... Be7 {ist die andere Hauptvariante} 7. Qg4 g6 (7... Nf6 8. Qxg7 Rg8 9. Qh6
Rxg2 10. Qh3 Rg8 11. Nc3 $14 {/\ Be3/Bf4 - 0-0-0}) 8. Qe2 d6 9. Nc3 (9. c4 $5
Qc7 10. Nc3 b6 $132) 9... Qc7 10. O-O Nd7 11. Bd2 b6 12. f4 Ngf6 13. Rae1 Bb7
$132) 7. Qe2 (7. Qg4 {hier ist dieser Damenzug nicht so gut, da Schwarz
aufgrund des aktiveren Läufers auf a7 starkes Spiel bekommt:} Nf6 $1 8. Qxg7 $2
(8. Qg3 $1 d6 9. O-O O-O 10. Nc3 Nc6 11. Rd1 Ne5 $132) 8... Rg8 9. Qh6 Rxg2 $15
{xf2}) (7. O-O Nc6 8. Qg4 $6 Nf6 9. Qxg7 Rg8 10. Qh6 Ne5 $44 {zum Beispiel:}
11. Nc3 b5 12. Bf4 Neg4 13. Qh4 Nxf2 14. Rxf2 Rg4 15. Qh6 Bxf2+ 16. Kxf2 Ng8
$17) 7... Nc6 8. Be3 d6 9. f4 {Das ist wohl die beste Methode, gegen diese von
Schwarz gewählte Variante zu kämpfen. Man wartet ab mit der Entwicklung des
Springers und macht alle notwendigen Züge.} (9. N1d2 $2 {Dieser Zug mit der
Idee der langen Rochade scheitert an einer unerwarteten Reaktion:} e5 $1 10. f4
{ist hier wohl das Beste} (10. Bxa7 Rxa7 11. Nc4 b5 12. Ne3 Nf6 13. O-O-O Be6
$15 {Schwarz hat einen super Najdorfaufbau erreicht.}) (10. O-O-O Nf6 11. Nc4
b5 12. Bxa7 Rxa7 13. Ne3 Be6 $15) 10... Nf6 11. O-O-O Bg4 12. Nf3 Bxe3+ 13.
Qxe3 exf4 14. Qxf4 Qc7 15. h3 Be6 16. Nbd4 Nxd4 17. Nxd4 O-O $11) (9. Nc3 {
ist auch gut spielbar, dieser Zug hat jedoch den Nachteil, dass Schwarz nach
Zügen b5 und a4 (von der Seite von Weiß) b4 mit Angriff auf den Springer
spielen kann.} Nf6 (9... Nge7 $5 10. O-O O-O 11. f4 b5 12. a4 Bxe3+ (12... b4
13. Nd1 Bxe3+ 14. Nxe3 $14) 13. Qxe3 b4 14. Ne2 $14) 10. O-O b5 11. a4 b4 (
11... Bxe3 {der Versuch die weiße Dame nach e3 zu locken endet traurig} 12.
axb5 $1 Bd4 (12... Bxf2+ 13. Qxf2 Ne5 14. Qd4 Nxd3 15. Qxd3 Bb7 16. Na5 $16)
13. Nd1 Qc7 14. bxc6 Bb6 15. Ne3 O-O (15... Qxc6 16. Nd5 $1 Bd8 17. Na5 Qd7 18.
Nxf6+ Bxf6 19. Nc4 $16) 16. Nc4 Qxc6 17. Nxd6 Qxd6 18. e5 Qb8 19. exf6 gxf6 20.
Qg4+ Kh8 21. Qh4 f5 22. Rfe1 $40) 12. Nd1 Bxe3 13. Nxe3 $14 {Weiß hat ein
leichtes Spiel, denn der schwarze Damenflügel ist sehr geschwächt.}) 9... b5 $6
{Zu früh. Diesen Zug sollte man ausführen, nachdem Weiß Nc3 gespielt hat, denn
sonst entwickelt sich die weiße Initiative am Damenflügel sehr schnell.
Andererseits bieten die anderen Fortsetzungen ebenfalls nicht viele
Perspektiven an.} (9... Qc7 10. O-O Nf6 11. Bxa7 Rxa7 12. Nc3 b5 13. a4 b4 14.
Nd1 a5 15. Ne3 O-O 16. Kh1 Bb7 17. Ng4 Nxg4 18. Qxg4 Raa8 19. Rae1 $14 {
Leko - Kasimdzhanov (San Luis, 2005)}) (9... Nf6 $5 10. Bxa7 Rxa7 11. c4 O-O
12. O-O b6 13. Nc3 Nd7 14. Rad1 $14) 10. a4 $1 {Weiß ergreift sofort die
Initiative am Damenflügel und nutzt die Tatsache aus, daß Schwarz nicht gut b4
spielen kann.} bxa4 (10... b4 $6 11. Bxa7 Rxa7 12. O-O Nf6 13. N1d2 O-O 14. a5
$16 {strategisch steht Schwarz am Rande der Niederlage. Der a6 Bauer ist eine
ewige Schwäche, der weiße Springer manövriert über c4 nach b6, d6 ist auch
schwach, dazu hat Weiß noch den Raumvorteil und starken Zentrum.}) 11. Rxa4 {
xa6} Bxe3 12. Qxe3 Nf6 13. O-O O-O 14. Nc3 (14. N1d2 $5 Ng4 (14... e5 15. Nc4
exf4 16. Qxf4 $14) 15. Qf3 e5 (15... Qb6+ 16. Kh1 e5 17. Nc4 Qc7 18. f5 Nf6 19.
Ne3 $16) 16. Nc4 (16. f5 Qh4 $1 17. h3 Nf6 18. Nc4 Rd8 19. Ne3 Bb7 20. Rfa1 a5
$132) 16... exf4 17. Qxf4 Nge5 18. Ne3 Be6 $132) 14... e5 $1 {Schwarz muss
dynamisch agieren, ansonsten wird weiße Initiative am Damenflügel mittels Tfa1
sehr gefährlich.} (14... d5 $2 15. e5 Nd7 (15... Ng4 16. Qg3 Qb6+ 17. Kh1 f5
18. h3 Nh6 19. Ra3 $1 Nb4 20. Na4 Qc7 21. Nac5 Nxd3 22. Qxd3 $16) 16. Qh3 $1 h6
(16... g6 17. Qh6 $16) 17. Nd1 $16 {Weiß schaltet ganz unerwartet um und
greift den geschwächten schwarzen König an. Es droht Ne3-Sg4 und evtl.
Springeropfer auf h6.}) 15. f5 $2 {Ein Zug zu langsam und Schwarz ist dran mit
starkem Gegenspiel.} (15. Nd5 $1 Be6 (15... exf4 16. Qxf4 (16. Rxf4 Nd7 17. e5
{sonst kann Schwarz nach Sde5 die Blockade im Zentrum aufbauen.} Ndxe5 18.
Bxh7+ Kxh7 19. Nf6+ gxf6 (19... Qxf6 20. Rxf6 gxf6 21. Rh4+ Kg6 22. Qh6+ Kf5
23. Rf4+ Ke6 24. Qxf8 $18) 20. Rh4+ Kg6 (20... Kg8 21. Qh6 $18) 21. Qg3+ Bg4 $1
(21... Kf5 22. Qh3+ Kg6 23. Rh6+ Kg7 (23... Kg5 24. Qh5#) 24. Rh7+ Kg8 25. Rh8+
Kg7 26. Qh6#) 22. Rhxg4+ Kf5 $1 (22... Nxg4 23. Qxg4+ Kh6 24. Qh3+ Kg6 25. Rg4+
Kf5 26. Rh4+ Ke5 27. Rh5+ f5 28. Qxf5#) 23. Nd4+ Nxd4 24. Rgxd4 Ke6 $19) 16...
Nxd5 (16... Nd7 17. Qxd6 $18) 17. exd5 Ne5 18. Qg3 $16) 16. Nxf6+ (16. fxe5 Ng4
(16... Nxd5 17. exd5 Bxd5 18. Bxh7+ Kxh7 19. Qh3+ Kg8 20. Rh4 f6 21. exf6 $18)
17. Qg3 Ngxe5 (17... dxe5 18. h3 $16) 18. Rxa6 Rxa6 19. Bxa6 Bxd5 20. exd5 Qb6+
21. Qf2 Qxa6 22. dxc6 Qxc6 $11) 16... Qxf6 17. f5 (17. fxe5 Qxe5 18. Rxa6 Rxa6
19. Bxa6 Qxb2 $11) 17... Bxb3 18. cxb3 a5 19. Bc4 Nb4 20. Qb6 Qd8 21. Qxd8
Rfxd8 22. Rfa1 $14 {Weiß hat zwar einen kleinen, aber sicheren Vorteil.}) 15...
Rb8 {Unerwartet entwickelt Schwarz Initiative mit Hilfe von taktischen Tricks,
so daß Weiß es zeitlich nicht schafft, den a6 Bauer zu erobern und seinen
Vorteil festzuhalten.} 16. Nd5 (16. Bxa6 $2 Bxa6 17. Rxa6 Nb4 18. Ra4 Nxc2 19.
Qf2 Rxb3 20. Qxc2 Qb6+ $17) 16... a5 17. Rfa1 Bd7 18. Nxf6+ (18. Nxa5 Nxd5 19.
exd5 (19. Nxc6 Bxc6 20. exd5 Bxa4 $19) 19... Nb4 $1 20. R4a3 (20. Rxb4 Rxb4 21.
Nc4 Bb5 $15) 20... Nxd5 21. Qf3 Nf4 $15) 18... Qxf6 19. Nxa5 Nb4 $1 20. R4a3 d5
$1 $44 {Weiß hat nun den Bauer gewonnen, aber man sieht sofort, daß Schwarz
genügend Gegenspiel besitzt, um diesen Verlust zu kompensieren. Schwarzen
Figuren sind sehr aktiv, der weiße Springer am Brettrand spielt momentan nicht
mit. Die Kette e4-f5 ist durch 20....d5! gesprengt worden. Die Stellung ist
sehr scharf, aber im Bereich des Ausgleiches.} 21. Nb3 Rfc8 22. exd5 Nxd5 23.
Qf2 Nf4 24. Nc5 Bxf5 25. Bxf5 Qxf5 26. Nd3 g6 27. Nxf4 Qxf4 28. Rf3 Qc4 29. Rc3
Qd5 30. Rxc8+ Rxc8 31. c3 e4 32. h3 Re8 33. Qe3 Qb3 34. Qe2 e3 35. Rf1 Qd5 36.
Rd1 Qe5 37. c4 Rb8 38. Rd3 Rxb2 39. Qxe3 Rb1+ 40. Kf2 Rb2+ 41. Kf3 Qf6+ 42. Kg3
h5 43. Qe4 Kg7 44. Kh2 Rc2 45. Rd1 Rc3 46. Kh1 Qe6 47. Qd4+ Qf6 48. Qd5 Qe6 49.
Qd4+ 1/2-1/2

[Event "WchT 6th"]
[Site "Beersheba"]
[Date "2005.11.09"]
[Round "8.4"]
[White "Shen, Yang"]
[Black "Rublevsky, Sergei"]
[Result "1-0"]
[WhiteElo "2326"]
[BlackElo "2652"]
[Annotator "Kritz,L"]
[PlyCount "93"]
[EventDate "2005.11.01"]
[EventType "team-tourn"]
[EventRounds "9"]
[EventCountry "ISR"]
[SourceTitle "CBM 110"]
[Source "ChessBase"]
[SourceDate "2006.01.31"]
[SourceVersion "1"]
[SourceVersionDate "2006.01.31"]
[SourceQuality "1"]
[WhiteTeam "China (W)"]
[BlackTeam "Russia"]
[WhiteTeamCountry "CHN"]
[BlackTeamCountry "RUS"]

1. e4 c5 2. Nf3 e6 3. d4 cxd4 4. Nxd4 a6 {Das ist eine der ganz populären
Varianten, so spielen heutzutage viele Spitzenspieler.} 5. Bd3 Bc5 6. Nb3 Be7 (
6... Ba7 {Ist die andere Hauptvariante.} 7. Qe2 Nc6 8. Be3 d6 9. f4 $14) 7. O-O
d6 8. Qg4 {Es ist sinnvoll den Zug g6 zu provozieren und erst dann die Dame
nach e2 zu stellen. Dadurch schwächt Schwarz seinen Königsflügel und wird oft
an der kurzen Rochade durch Lh6 (sobald der Springer das Feld g8 verlässt)
gehindert.} g6 9. Qe2 Nd7 {Schwarz sollte solange mit der Entwicklung des
g8-Springers abwarten, bis Weiß f4 gezogen hat, dann kann nämlich der Läufer
nicht mehr nach h6 kommen.} 10. Nc3 {Hier gibt es verschiedensten Pläne für
Weiß:} (10. a4 Ne5 {Die Idee dieses Zuges wird demnächst klar. Eine
Alternative wäre} (10... Qc7 $5 11. a5 Ngf6 12. Bh6 Bf8 13. Bxf8 Kxf8 14. f4
Kg7 15. N1d2 Rf8 16. Kh1 Rb8 17. Rae1 {1/2:1/2 Motylev - Svidler (Bermuda,
2003). Wobei man sagen muss, daß Weiß doch etwas besser steht.}) 11. a5 Nf6 {
jetzt sieht man, warum 10....Se5 gespielt wird - Weiß kann Schwarz an der
kurzen Rochade nicht mehr hindern.} 12. Nc3 (12. Bh6 Nfg4 $1 13. Bf4 (13. Bg7
Rg8 14. Bxe5 Nxe5 15. Nc3 Bd7 $11 {die schwarzen Felder, über die Schwarz nun
Dank dem Läufer die Kontrolle übernehmen wird, sind mehr Wert, als die
verlorene Rochade.}) 13... O-O $11) 12... Bd7 13. Be3 (13. f4 Nxd3 (13... Nc6
$2 14. e5 Nh5 (14... dxe5 15. fxe5 Nh5 (15... Nd5 16. Nxd5 exd5 17. Bh6 $16)
16. Bh6 Bg5 17. Ne4 $1 Bxh6 18. Nd6+ Kf8 19. Nxf7 $18) (14... Nd5 15. Nxd5 exd5
16. exd6 $18) 15. Nd5 $1 exd5 (15... O-O 16. Nxe7+ Qxe7 17. Be3 $16) 16. exd6
O-O 17. dxe7 Qxe7 18. Qxe7 Nxe7 19. Nc5 Bc6 20. f5 $16) 14. cxd3 (14. Qxd3 Bc6
15. Be3 O-O $11 {Der Druck auf d6 allein reicht nicht, um genügend Vorteil zu
erreichen.}) 14... O-O 15. Be3 {es entsteht ähnliche Stellung wie in der Partie
}) 13... O-O 14. Na4 $5 {Nach Möglichkeit müsste man versuchen den Springer
auf b6 zu platzieren.} d5 $1 (14... Bxa4 15. Rxa4 Nxd3 16. cxd3 Rc8 17. Rc4 $14
) (14... Bc6 15. Nb6 Rb8 (15... Nxe4 16. Bxe4 Bxe4 17. Bh6 Bc6 18. Bxf8 Bxf8
19. Nxa8 Bb5 20. Qe4 Bxf1 21. Qxb7 $18) 16. f4 Nxd3 17. cxd3 $14) 15. exd5 (15.
Nb6 dxe4 16. Bc5 (16. Nxa8 exd3 $19) 16... Nxd3 17. cxd3 Bb5 18. Nxa8 Bxd3 $17)
15... Nxd3 (15... Nxd5 16. Nb6 Nxb6 17. Bxb6 Qb8 18. Rfd1 $36) 16. Qxd3 exd5
17. Rfe1 (17. Nb6 Bb5 18. Qd4 Bxf1 19. Nxa8 Bb5 $11) 17... Bb5 18. Qd2 Bxa4 19.
Rxa4 Rc8 $14) (10. Bf4 Ne5 11. N1d2 Nf6 12. Rfd1 Nxd3 (12... Qc7 $5 13. a4 Bd7
14. a5 Bc6 $132 {/\Td8}) 13. Qxd3 O-O 14. a4 e5 15. Bg5 Be6 16. Nf1 Rc8 17. Ne3
Rc6 $11 {Alekseev - Milov (Biel, 2005)}) (10. Na3 $5 h5 11. f4 Qc7 12. Bd2 Ngf6
13. Kh1 h4 14. Rae1 e5 $132 {Smirnov - Milov (Warschau, 2005)}) (10. c4 {
macht hier keinen Sinn, da Schwarz sowieso den Bauer nicht nach b5, sondern
nach b6 ziehen will.} b6 11. Nc3 Bb7 12. Bd2 Qc7 13. Rae1 Ngf6 14. f4 (14. Bh6
Ne5 15. f4 Nxd3 16. Qxd3 O-O-O $1 $132) 14... O-O $11 {der Bauer auf c4 ist
eher eine Schwäche}) 10... Qc7 11. Bd2 b6 (11... b5 $2 {ist nie gut solange
man einen solchen Entwicklungsrückstand hat} 12. a4 b4 13. Na2 a5 14. c3 bxc3
15. Nxc3 Ngf6 16. Nb5 Qb6 (16... Qb8 17. Nxa5 $18) 17. Be3 Qb8 18. Bh6 $16) 12.
Rae1 Bb7 13. Kh1 (13. f4 $5 {Wird selten gespielt.} Ngf6 (13... h5 $2 14. f5
gxf5 (14... Ne5 15. fxe6 fxe6 16. Nd4 Bc8 17. Nf3 $16) 15. exf5 e5 16. Be4 Ngf6
17. Bxb7 Qxb7 18. Bg5 Rg8 19. h4 $1 $14 {Ähnliche Struktur wie in der Partie,
nur mit dem wichtigen Unterschied, daß der gefährliche schwarze Läufer b7
getauscht wurde.}) 14. e5 {'der direkte Versuch, den Vorteil zu erreichen'} (
14. Kh1 h5 {wie in der Partie}) (14. f5 gxf5 15. exf5 e5 $15 {'=/+!'}) 14...
Nd5 (14... dxe5 15. fxe5 Nd5 (15... Nh5 16. Bh6 $16 {/\g4 xh5}) 16. Nxd5 Bxd5
17. Bh6 $16) 15. Nxd5 Bxd5 16. Bb4 {'!?'} (16. Bxa6 O-O $44 {'©!'} (16... Qxc2
$2 17. Rc1 Qxb2 18. Bb5 Rd8 19. Rc7 Bxb3 20. axb3 Qxb3 21. Ra1 $16)) (16. Bc3
O-O $11) (16. c4 Bb7 17. Bc3 O-O $132) 16... Nc5 17. Nxc5 dxc5 18. Bc3 c4 19.
Be4 Bxe4 20. Qxe4 O-O $11) 13... h5 (13... Ngf6 {sieht verdächtig aus} 14. Bh6
(14. f4 O-O 15. f5 gxf5 $1 (15... exf5 16. exf5 Rfe8 17. fxg6 hxg6 18. Qf2 Ne5
19. Nd4 $13 {Mastrovasilis - Shavtvaladze (Athens, 2004)}) 16. exf5 e5 17. Bh6
Rfe8 $132 {Weiß kann den schwarzen König nicht gleich Matt setzen, d.h.
schwarzer Vorteil im Zentrum kann mit der Zeit große Bedeutung gewinnen. Einer
der wichtigen Faktoren ist auch die Abseitsstellung des Springers b3, der
durch die schwarzen Bauern in seiner Wirkung völlig neutralisiert wird.}) 14...
Bf8 $5 (14... Ne5 15. h3 (15. f4 Neg4 16. Bg7 Rg8 17. Bxf6 Nxf6 18. e5 Nd7 $13)
15... Nh5 16. Qe3 $14) 15. Bxf8 Kxf8 16. f4 Kg7 17. e5 Nd5 (17... dxe5 18. fxe5
Nd5 19. Nxd5 Bxd5 20. c4 Bb7 21. Nd4 Rhf8 $13) 18. Nxd5 (18. Ne4 dxe5 19. fxe5
Nxe5 $15) 18... Bxd5 19. Nd2 $14) 14. f4 $5 {Dieser Zug wurde bis jetzt von
den starken Spielern vermieden.} (14. Nd4 {Der Springermanöver sieht logisch
aus - nachdem Schwarz durch 13....h5 das Feld g5 geschwächt hat, versucht Weiß
diese Schwäche auszunutzen.} Ngf6 (14... h4 15. h3 Ngf6 16. Bg5 Ne5 17. Qe3 Nh5
18. Bxe7 Qxe7 19. Be2 Rc8 20. Nf3 Nd7 21. Rd1 $14 {Zagrebelny - Goldin (Ashdod,
2003)}) 15. Nf3 h4 16. h3 Nh5 (16... Ne5 17. Nxe5 (17. a4 Kf8 18. Bg5 Nh5 19.
Bxe7+ Kxe7 20. Qe3 Nxf3 21. Qxf3 Qc5 $11 {Korneev - Epishin (Reykjavik, 2004)})
17... dxe5 18. Bg5 $14) 17. Be3 Ne5 18. Bd4 Nf4 19. Qe3 Nxf3 20. Qxf3 e5 21.
Be3 Nxd3 (21... Ne6 22. Qg4 $14) 22. cxd3 O-O 23. Rc1 Qd8 24. Nd5 Bxd5 25. exd5
f5 26. Rc6 $16) 14... Ngf6 15. f5 $2 {Führt zu einer strategisch gesehen
schlechteren Stellung, in der Weiß auf taktische Tricks hoffen muss. '?!'} (15.
e5 $5 {Wäre nicht ganz verkehrt und eine logische Fortsetzung des Plans mit 14.
f4} dxe5 (15... Nd5 16. Nxd5 Bxd5 17. exd6 Qxd6 (17... Bxd6 18. c4 Bb7 19. Bxg6
fxg6 20. Qxe6+ Kd8 21. Bc3 Rf8 22. Re2 $3 {dient zur Prophylaxe - jetzt kann
Schwarz nicht mehr Qc6 mit Mattdrohung spielen - und stellt Schwarz praktisch
in Zugzwang!} Kc8 23. Bg7 Rd8 24. Bf6 $16 Rf8 $2 25. Qe8+ $1 Rxe8 26. Rxe8+ Qd8
27. Rxd8+ $18) 18. c4 Bb7 19. Bc3 $14) 16. fxe5 Ng4 17. Bf4 (17. Be4 Bxe4 18.
Qxe4 Rc8 {'='} 19. Bf4 Bh4 20. Re2 g5 21. Bd2 f5 22. Qa4 (22. exf6 $4 Qxh2#)
22... Ngxe5 23. Qxa6 $14) 17... g5 18. Bg3 h4 19. Qxg4 hxg3 20. Qxg3 f5 $5 21.
Nd4 Nc5 22. Nxf5 {'!?'} exf5 23. Bxf5 {'->'} Rd8 24. Bg6+ $40) 15... gxf5 16.
exf5 e5 $1 {Ganz typische Idee, die manchmal sogar gespielt wird, wenn Schwarz
schon kurz rochiert hat.} 17. Ne4 Rg8 $1 $15 {Schwarz lässt sich auf keine
taktische Tricks ein. Seine Stellung ist sehr solide, der Springer b3 nimmt am
Spiel nicht teil und der starke schwarze Bauernzentrum ist bereit, um jeden
Moment loszustürmen.} (17... Nxe4 18. Bxe4 d5 19. Bd3 (19. f6 Bd6 20. Bf5 O-O-O
$15) 19... e4 (19... Bd6 20. c4 dxc4 21. Bxc4 h4 22. h3 Rg8 (22... Nf6 23. Bf4
$132) 23. Bxf7+ Kxf7 24. Qh5+ Kf8 25. Qh6+ Kf7 (25... Rg7 26. f6 Bxg2+ 27. Kh2
e4+ 28. Bf4 Bxf4+ 29. Rxf4 Nxf6 30. Qxf6+ Kg8 31. Rg1 Bxh3 (31... Bf3 32. Rxg7+
Qxg7 33. Qe6+ Kh8 34. Rxh4+ $18) 32. Rxg7+ Qxg7 33. Qxg7+ Kxg7 34. Kxh3 $18)
26. Qe6+ Kg7 27. Qg6+ Kf8 28. Bh6+ Ke7 29. Qe6+ Kd8 30. Qxg8+ $18) 20. Bf4 Ne5
21. Qe3 Bd6 22. Be2 O-O-O 23. Qh3 $13) 18. Ng5 Ng4 19. f6 Bxf6 20. Rf5 O-O-O
21. Ne4 Bh4 22. Ref1 d5 23. Ng5 Bxg5 24. Bxg5 f6 25. Bd2 b5 26. h3 e4 27. hxg4
hxg4 28. Bf4 Qb6 29. Be3 Qd6 30. Bf4 Ne5 31. Qd2 exd3 32. Qc3+ Qc6 33. Qxc6+
Nxc6 34. cxd3 Rge8 35. Rc1 Rd7 36. Rxf6 Rde7 37. Rfxc6+ Bxc6 38. Rxc6+ Kb7 39.
Na5+ Ka7 40. Kh2 b4 41. Nb3 Re6 42. Rc7+ Kb6 43. Nc5 Rc6 44. Nd7+ Kb5 45. a4+
bxa3 46. Rb7+ Ka4 47. b3+ 1-0